| 000 | 03131cam a22006014i 4500 | ||
|---|---|---|---|
| 003 | PE-LiUPU | ||
| 005 | 20250731173306.0 | ||
| 008 | 150625s2002 sp a rb 000 0 spa d | ||
| 020 | _a8497150201 | ||
| 035 | _a(Sirsi) i9788497150200 | ||
| 040 |
_aPE-LiUPU _bspa _cPE-LiUPU _erda |
||
| 049 | _aPRUA | ||
| 082 | 0 | 4 |
_a220.7 _bBCPIA11 _221 |
| 245 | 0 | 0 |
_aSantiago, 1-2 Pedro, 1-3 Juan, Judas / _cGerald Bray. |
| 264 | 1 |
_aMadrid : _bCiudad Nueva, _c2002. |
|
| 300 |
_a362 páginas : _bilustraciones, mapas ; _c25 centímetros |
||
| 336 |
_atext _2rdacontent |
||
| 337 |
_aunmediated _2rdamedia |
||
| 338 |
_avolume _2rdacarrier |
||
| 490 | 0 |
_aLa Biblia Comentada por los Padres de la Iglesia. Nuevo Testamento ; _v11 |
|
| 500 | _aIncluye Glosario de Autores y Obras; (A-T)Índice de autores y obras antiguos. | ||
| 504 | _aIncluye referencias bibliográficas al final de cada página. | ||
| 505 | 0 | _aCarta de Santiago -- Texto y comentarios -- Primera Carta de Pedro -- Texto y comentarios -- Segunda carta de Pedro -- Texto y comentarios -- Primera carta de Juan -- Texto y comentarios -- Segunda carta de Juan -- Texto y comentarios -- Tercera carta de Juan -- Texto y comentarios -- Carta de Judas. Texto y comentarios. | |
| 526 | _aSEG42 | ||
| 526 | _aSEG41 | ||
| 526 | _aSEG40 | ||
| 526 | _aSEG39 | ||
| 526 | _aP94 | ||
| 526 | _aP87 | ||
| 526 | _aP86 | ||
| 526 | _aP85 | ||
| 526 | _aP77 | ||
| 526 | _aP76 | ||
| 526 | _aP35 | ||
| 541 | _g006-0035866; | ||
| 541 | _g007-0021089; | ||
| 541 | _g007-0017629; | ||
| 630 |
_aBiblia. _pN.T. _pEpístola de Juan 1, 2, 3 _xComentarios. |
||
| 630 |
_aBiblia. _pN.T. _pJudas _xComentarios. |
||
| 630 |
_aBiblia. _pN.T. _pPedro 1, 2 _xComentarios. |
||
| 630 |
_aBiblia. _pN.T. _pSantiago _xComentarios. |
||
| 700 | 1 |
_aMerino Rodríguez, Marcelo, _edirector. |
|
| 700 | 1 |
_aOden, Thomas C., _eeditor. |
|
| 942 |
_2ddc _cBOOK |
||
| 949 |
_a220.7 BCPIA 11 _wDEWEY _c1 _i62509 _d2016-6-3 _e2016-6-1 _lCCODEBUL1 _mBUL _n1 _p69.00 _r0 _sY _tBOOK _u2015-6-25 _xTEOLOGIA _PP35 _0COMPRA _o.STAFF. Colección Teologó |
||
| 949 |
_a220.7 BCPIN 11 _wDEWEY _c2 _i55911 _lCCODEBUL1 _mBUL _p45.00 _r0 _sY _tBOOK _u2015-6-25 _xTEOLOGIA _zUNKNOWN _0COMPRA _o.STAFF. Colección Teología |
||
| 949 |
_a220.7 BCPIN 11 _wDEWEY _c3 _i59146 _lCCODEBUL1 _mBUL _r0 _sY _tBOOK _u2015-6-25 _xTEOLOGIA _zUNKNOWN _0COMPRA _o.STAFF. Colección Teología |
||
| 994 |
_aC0 _bPEPRU |
||
| 596 | _a1 | ||
| 999 |
_a220.7 BCPIA 11 _wDEWEY _c44749 _i62509 _d44749 _e2016-6-1 _f2021-11-9 _g5 _lCCODEBUL1 _mBUL _n1 _p69.00 _q4 _r0 _sY _tBOOK _u2015-6-25 _xTEOLOGIA _PP35 _0COMPRA _o.STAFF. Colección Teología |
||
| 999 |
_a220.7 BCPIN 11 _wDEWEY _c2 _i55911 _d2019-6-17 _f2021-11-9 _g5 _lCCODEBUL1 _mBUL _p45.00 _q3 _r0 _sY _tBOOK _u2015-6-25 _xTEOLOGIA _zUNKNOWN _0COMPRA _o.STAFF. Colección General |
||
| 999 |
_a220.7 BCPIN 11 _wDEWEY _c3 _i59146 _d2022-7-14 _e2022-7-12 _f2021-11-9 _g5 _lCCODEBUL1 _mBUL _n3 _q3 _r0 _sY _tBOOK _u2015-6-25 _xTEOLOGIA _zUNKNOWN _0COMPRA _o.STAFF. Colección General |
||
| 980 |
_81 _gALBERTO SANCHEZ Responsable de Automatización |
||